Bogotá en documentos : (Registro nro. 48933)
[ vista simple ]
| 000 -LDR (LÍDER) | |
|---|---|
| fixed length control field | 00791nam a2200229Ii 4500 |
| 008 - FIXED-LENGTH DATA ELEMENTS--GENERAL INFORMATION | |
| fixed length control field | 241108s9999||||xx |||||||||||||| ||und|| |
| 020 ## - ISBN | |
| ISBN | 9789588293790 |
| 040 ## - FUENTE DE CATALOGACIÓN | |
| Agencia catalogadora original | CO-ViMGA |
| Idioma de la agencia catalogadora | spa |
| Norma para la descripción | rda |
| Agencia que transcribe | CO-ViMGA |
| 082 04 - Clasificación Dewey | |
| Clasificación Dewey | 027.0986148 |
| Clave de autor | B63a |
| Edition number | 23 |
| 110 1# - ASIENTO PRINCIPAL--NOMBRE CORPORATIVO | |
| Nombre corporativo o jurisdicción | Bogotá Colombia. Alcaldía Mayor. |
| 245 10 - Título | |
| Título | Bogotá en documentos : |
| Subtítulo | archivo de Bogotá / |
| Mención de responsabilidad | Bogotá Colombia. Alcaldía Mayor. |
| 264 #1 - Pie de imprenta | |
| Ciudad de publicación | Bogotá, Colombia : |
| Editorial | Villegas |
| Año | 2011 |
| 300 ## - Descripción física | |
| Extensión | 257 páginas |
| Otros detalles físicos | ilustraciones, mapas |
| Dimensiones | 31 cm |
| 336 ## - Tipo de Contenido | |
| Tipo de contenido | texto |
| Código de tipo de contenido | txt |
| Fuente | rdacontenido |
| 337 ## - Tipo de Medio | |
| Tipo de Medio | no mediado |
| Código de tipo de medio | n |
| Fuente | rdamedio |
| 338 ## - Tipo de soporte | |
| Tipo de soporte | volume |
| Código de tipo de soporte | nc |
| Fuente | rdasoporte |
| 650 17 - Asiento secundario de materia - término temático | |
| Encabezamiento temático | Archivos gubernamentales |
| Subdivisión de forma | Colecciones. |
| Fuente del encabezado o término | BLAAUTO |
| 651 #4 - Encabezamiento de Materia - Geográfico | |
| Encabezamiento geográfico | Colombia |
| Subdivisión general | Historia |
| 942 ## - Información adicional | |
| Tipo de material | LIbro |
| 650 17 - Asiento secundario de materia - término temático | |
| -- | 64985 |
| 651 #4 - Encabezamiento de Materia - Geográfico | |
| -- | 2612 |
| Withdrawn status | Estado de pérdida | Fuente del sistema de clasificación o colocación | Estado de daño | Koha normalized classification for sorting | Not for loan | Colección | Biblioteca | Biblioteca actual | Localización | Fecha de adquisición | Signatura topográfica | Código de barras | Koha date last seen | Ejemplar | Price effective from | Tipo de ítem | Nota pública |
|---|---|---|---|---|---|---|---|---|---|---|---|---|---|---|---|---|---|
| Dewey Decimal Classification | 986_148000000000000_B63 | Colección General | Biblioteca Pública Puerto López - Jorge Eliecer Gaitán | Biblioteca Pública Puerto López - Jorge Eliecer Gaitán | General | 08/29/2025 | 986.148 B63 | eca20787-2 | 08/29/2025 | Ej.1 | 08/29/2025 | LIbro | |||||
| Dewey Decimal Classification | 027_098674800000000_B63A | Sala General | Biblioteca Pública Departamental Eduardo Carranza - Villavicencio | Biblioteca Pública Departamental Eduardo Carranza - Villavicencio | General | 02/23/2012 | 027.0986748 B63a | ECA20787 | 11/26/2024 | Ej.1 | 11/26/2024 | LIbro | 15309 | 20011 |